00337nam a2200133 a 4500008004100000020001500041050001600056100001800072245004200090260003000132300001600162350001000178650001500188150824s1982 ||||||||||||||||| || u a0409086312 aQP 34.5 Oos aOosthuizen, S10aPhysiology workbookcby S. Oosthuizen aDurbanbButterworthc1982 a166p. :ill. a25.02 aPHYSIOLOGY